| 000 | 00579nam a2200241 a 4500 | ||
|---|---|---|---|
| 001 | nice12345678 | ||
| 003 | IN_TiNIC | ||
| 005 | 20260116011532.0 | ||
| 008 | 050524s0000 siaa grp 000 0 urd | ||
| 020 |
_a _c100 |
||
| 082 | 0 | 0 |
_a232.9 _bKHA1 |
| 100 | _aKhan, Barkat A | ||
| 245 | _aSalamti Ka Shahzada | ||
| 260 |
_aSialkote _bBarkat a Khan _c0000 |
||
| 300 | _a64p | ||
| 500 | _aincludes index and biblioraphy | ||
| 505 | 2 | _aill, bibliography | |
| 650 | _aJesus Christ-Biography | ||
| 700 | 1 | _aKhan, Barkat A | |
| 902 | _bSRS | ||
| 942 | _cBK | ||
| 999 |
_c2413 _d2413 |
||